01276nam a2200337 i 45000010005000000030009000050050017000140070003000310080041000340200018000750800021000930800013001140800011001271000043001382450186001812600038003673000022004054900033004275000025004605040032004856500046005176500057005636500032006207000029006527000040006817100020007218300038007418520022007799990015008019520122008167886ES-MaACL20250824212750.0t|910517s1991 sp |||| | spa d a84-86094-71-2 a62/69:338.1(091) a004(091) a338.121 aHall, Peter Geoffrey (d1932-)915544413aLa ola portadora b: nuevas tecnologías de la información y geografía de las innovaciones, 1846-2003 / cPeter Hall, Paschal Preston ; prólogo de Aquilino Morcillo Crovetto. aMadrid : bFundesco, cD.L. 1991. a323 p. ; c24 cm.1 aLos libros de Fundesco ; v4 aÍndice temático. aBibliografía: p. 307-318. 7aInnovaciones tecnológicas2embne91379014aTecnología de la información-vHistoria.915544604aCiclos económicos.9109231 aPreston, Paschal.9937961 aMorcillo Crovetto, Aquilino.9831871 aFUNDESCO.9443804aLos libros de Fundescov49227932 aES-MaACLjL-15141 c7886d7886 00104070aATENEOMbATENEOMcDEPO2d2008-01-17eSCl0oL-15141p1008043r2023-02-23 00:00:00w2023-02-23yMONOGRAFIA